| 000 | 00996ngm a22003610a 4500 | ||
|---|---|---|---|
| 001 | PT47306 | ||
| 003 | AR-LpoUNG | ||
| 005 | 20210202000010.0 | ||
| 007 | vd cvaizq | ||
| 008 | 191001s2008||||ag |||||||||||||||||eng d | ||
| 040 |
_aAR-LpoUNG _bspa _cAR-LpoUNG _eaacr |
||
| 041 |
_aeng _aspa _apor |
||
| 044 | _aag | ||
| 082 | 0 | _a307.72 279v34 | |
| 100 | 1 |
_aRitt, Martin _edir. |
|
| 245 | 1 | 3 | _aEl indomable |
| 260 |
_aSan Luis : _bAVH, _c2008. |
||
| 300 | _aDVD (112 min.) : son., col. | ||
| 505 | 0 | _aHecha en 1967. Protagonista: Paul Newman, George Kennedy, Strother Martin. Tuvo siete nominaciones al Oscar. Subtitulada en castellano. | |
| 650 | 4 | _aCOMUNIDADES RURALES | |
| 650 | 4 | _aJUSTICIA | |
| 650 | 4 | _aORO | |
| 650 | 4 | _aPELICULAS | |
| 650 | 4 | _aRELACIONES PERSONALES | |
| 651 | 4 | _aDOCUMENTOS TEORICOS O METODOLOGICOS | |
| 653 | _aACCION | ||
| 653 | _aCINE ESTADOUNIDENSE | ||
| 653 | _aDVD | ||
| 653 | _aVIDEOS | ||
| 653 | _aWESTERN | ||
| 905 | _a47306 | ||
| 942 | _cDVD | ||
| 999 |
_c53938 _d53938 |
||